|
|
|
|
| LEADER |
01956nem a22004212a 4500 |
| 001 |
mzk03001054488 |
| 003 |
CZ BrMZK |
| 005 |
20110214102920.0 |
| 007 |
aj|ca||| |
| 008 |
070910q17011750gw ij|||||a|||r|0|||gerod |
| 034 |
1 |
|
|a a
|b 7400000
|d E0015000
|e E0195500
|f N0543200
|g N0452600
|
| 040 |
|
|
|a BOA001
|b cze
|
| 043 |
|
|
|a e-gx---
|
| 072 |
|
7 |
|a 912:904
|x Staré mapy
|2 Konspekt
|9 7
|
| 080 |
|
|
|a (084.3)
|2 MRF
|
| 080 |
|
|
|a (430)
|2 MRF
|
| 080 |
|
|
|a 912.43:069.5
|2 MRF
|
| 100 |
1 |
|
|a Schreiber, Johann Georg,
|d 1676-1750
|7 mzk2008430601
|4 aut
|
| 245 |
1 |
0 |
|a Reise Charte durch Deutschland
|h [kartografický dokument] /
|c verfertiget von Ioh. Georg Schreiber in Leipzig
|
| 255 |
|
|
|a Měřítko [ca 1:7 400 000]. 3,1 cm = 30 Teutsche Meilen 15 zu einem Grad gerechnet
|c (001°50´00" v.d.--019°55´00" v.d./054°32´00" s.š.--045°26´00" s.š.)
|
| 260 |
|
|
|a in Leipzig :
|b Ioh. Georg Schreiber,
|c [mezi 1701 a 1750]
|
| 300 |
|
|
|a 1 mapa :
|b mědirytina, ručně kolorovaná ;
|c 16 x 21 cm na listu 19,5 x 29,5 cm
|
| 500 |
|
|
|a Podlepeno papírem o velikosti 57 x 64 cm
|
| 500 |
|
|
|a Výzdoba: V levém horním rohu muž držící list s nápisem, v pravém dolním rohu měřítko, směrová ružice, v mapovém rámci geografické souřadnice, u pravého okraje lišta se seznamem krajů a zemí
|
| 510 |
4 |
|
|a Kuchař, K. Mapová sbírka B.P. Molla,
|c s. 355
|
| 655 |
|
7 |
|a historické mapy
|7 fd186723
|2 czenas
|
| 650 |
0 |
4 |
|a Mollova mapová sbírka
|
| 650 |
0 |
7 |
|a mapové sbírky
|z Česko
|7 ph182407
|2 czenas
|
| 610 |
2 |
7 |
|a Moravská zemská knihovna (Brno, Česko).
|b Mapová sbírka B.P. Molla
|7 mzk2005304487
|2 czenas
|
| 651 |
|
7 |
|a Svatá říše římská
|7 ge131010
|2 czenas
|
| 856 |
4 |
1 |
|u http://mapy.mzk.cz/mzk03/001/054/488/2619320984
|y Digitalizovaný dokument
|
| 903 |
|
|
|a RP
|
| 910 |
|
|
|a BOA001
|b Moll-0003.713
|
| 978 |
|
|
|b Schreiber, Johann Georg
|a Leipzig
|c 1701-1750
|
| 984 |
|
|
|a Lipsko
|b Německo
|
| 985 |
|
|
|a 1701-1750
|
| 990 |
|
|
|a MP
|
| 991 |
|
|
|k mzk
|